<?xml version="1.0" encoding="UTF-8"?>
<record
    xmlns:xsi="http://www.w3.org/2001/XMLSchema-instance"
    xsi:schemaLocation="http://www.loc.gov/MARC21/slim http://www.loc.gov/standards/marcxml/schema/MARC21slim.xsd"
    xmlns="http://www.loc.gov/MARC21/slim">

  <leader>01950nam a22003257a 4500</leader>
  <controlfield tag="001">1702</controlfield>
  <controlfield tag="003">FISKH</controlfield>
  <controlfield tag="005">20230920130629.0</controlfield>
  <controlfield tag="008">230918b        cb ||||| |||| 00| 0 khr d</controlfield>
  <datafield tag="020" ind1=" " ind2=" ">
    <subfield code="a">9789924340744</subfield>
  </datafield>
  <datafield tag="040" ind1=" " ind2=" ">
    <subfield code="a">FISKH </subfield>
    <subfield code="b">eng</subfield>
    <subfield code="c">FISKH </subfield>
    <subfield code="d">FISKH </subfield>
  </datafield>
  <datafield tag="082" ind1=" " ind2=" ">
    <subfield code="a">649.124</subfield>
  </datafield>
  <datafield tag="100" ind1=" " ind2=" ">
    <subfield code="a">Vanthary, Oum</subfield>
  </datafield>
  <datafield tag="245" ind1=" " ind2=" ">
    <subfield code="a">&#x1781;&#x17D2;&#x1789;&#x17BB;&#x17C6;&#x179A;&#x17C0;&#x1793;&#x179B;&#x17C1;&#x1781;&#x1796;&#x17B8; &#x17E1;&#x178A;&#x179B;&#x17CB;&#x17E5; / </subfield>
  </datafield>
  <datafield tag="250" ind1=" " ind2=" ">
    <subfield code="a">&#x1794;&#x17C4;&#x17C7;&#x1796;&#x17BB;&#x1798;&#x17D2;&#x1796;&#x179B;&#x17BE;&#x1791;&#x17B8; &#x17E5; &#x1798;&#x17B7;&#x1790;&#x17BB;&#x1793;&#x17B6; &#x17E2;&#x17E0;&#x17E2;&#x17E2;&#x200B;&#x200B;</subfield>
  </datafield>
  <datafield tag="260" ind1=" " ind2=" ">
    <subfield code="a">Phnom Penh : </subfield>
    <subfield code="b">Sipar, </subfield>
    <subfield code="c">2022.</subfield>
  </datafield>
  <datafield tag="300" ind1=" " ind2=" ">
    <subfield code="a">24 pages : </subfield>
    <subfield code="b">illustrations ; </subfield>
    <subfield code="c">27 cm</subfield>
  </datafield>
  <datafield tag="490" ind1=" " ind2=" ">
    <subfield code="a">&#x1798;&#x17C9;&#x17BB;&#x1793;&#x178F;&#x17C1;&#x179F;&#x17BC;&#x179A;&#x17B8;</subfield>
  </datafield>
  <datafield tag="490" ind1=" " ind2=" ">
    <subfield code="a">Montessori</subfield>
  </datafield>
  <datafield tag="505" ind1=" " ind2=" ">
    <subfield code="a">D
</subfield>
  </datafield>
  <datafield tag="520" ind1=" " ind2=" ">
    <subfield code="a">&#x1782;&#x17BA;&#x1787;&#x17B6;&#x179F;&#x17C0;&#x179C;&#x1797;&#x17C5;&#x178A;&#x17C6;&#x1794;&#x17BC;&#x1784;&#x1782;&#x17C1;&#x179F;&#x1798;&#x17D2;&#x179A;&#x17B6;&#x1794;&#x17CB;&#x179A;&#x17C0;&#x1793;&#x1796;&#x17B8;&#x179A;&#x1794;&#x17C0;&#x1794;&#x179F;&#x179A;&#x179F;&#x17C1;&#x179A;&#x17A2;&#x1780;&#x17D2;&#x179F;&#x179A; &#x1793;&#x17B7;&#x1784;&#x179B;&#x17C1;&#x1781; &#x178A;&#x17C2;&#x179B;&#x1787;&#x17BD;&#x1799;&#x1780;&#x17BB;&#x1798;&#x17B6;&#x179A;&#x1780;&#x17C6;&#x178E;&#x178F;&#x17CB;&#x17A2;&#x178F;&#x17D2;&#x178F;&#x179F;&#x1789;&#x17D2;&#x1789;&#x17B6;&#x178E; &#x179A;&#x17B6;&#x1794;&#x17CB; &#x1793;&#x17B7;&#x1784;&#x179B;&#x17C1;&#x1784;&#x17A0;&#x17D2;&#x1782;&#x17C1;&#x1798;&#x1795;&#x17D2;&#x179F;&#x17C1;&#x1784;&#x17D7;&#x178F;&#x17B6;&#x1798;&#x179A;&#x1799;&#x17C8;&#x1780;&#x17B6;&#x179A;&#x179B;&#x17B6;&#x1794;&#x1796;&#x178E;&#x17CC;&#x17D4; &#x1787;&#x17B6;&#x1784;&#x1793;&#x17C1;&#x17C7;&#x1791;&#x17C5;&#x1791;&#x17C0;&#x178F; &#x179C;&#x17B6;&#x1787;&#x17B6;&#x17A7;&#x1794;&#x1780;&#x179A;&#x178E;&#x17CD;&#x179F;&#x17B7;&#x1780;&#x17D2;&#x179F;&#x17B6;&#x179F;&#x1798;&#x17D2;&#x179A;&#x17B6;&#x1794;&#x17CB;&#x17AA;&#x1796;&#x17BB;&#x1780;&#x1798;&#x17D2;&#x178F;&#x17B6;&#x1799; &#x1793;&#x17B7;&#x1784;&#x179B;&#x17C4;&#x1780;&#x1782;&#x17D2;&#x179A;&#x17BC;&#x17A2;&#x17D2;&#x1793;&#x1780;&#x1782;&#x17D2;&#x179A;&#x17BC; &#x178A;&#x17BE;&#x1798;&#x17D2;&#x1794;&#x17B8;&#x17A2;&#x1793;&#x17BB;&#x179C;&#x178F;&#x17D2;&#x178F;&#x179A;&#x17BD;&#x1798;&#x1782;&#x17D2;&#x1793;&#x17B6; &#x1793;&#x17B7;&#x1784;&#x1798;&#x17BE;&#x179B;&#x1783;&#x17BE;&#x1789;&#x1796;&#x17B8;&#x1780;&#x17B6;&#x179A;&#x179A;&#x17B8;&#x1780;&#x1785;&#x1798;&#x17D2;&#x179A;&#x17BE;&#x1793;&#x179A;&#x1794;&#x179F;&#x17CB;&#x1780;&#x17BB;&#x1798;&#x17B6;&#x179A;&#x17D4;</subfield>
  </datafield>
  <datafield tag="520" ind1=" " ind2=" ">
    <subfield code="a">The first books for learning how to write letters and numbers that help children identify, count, and play different games by coloring. It&#x2019;s also a study tool for parents and teachers to practice together and see the progress of their children.</subfield>
  </datafield>
  <datafield tag="521" ind1="8" ind2=" ">
    <subfield code="a">160
</subfield>
    <subfield code="b">Lexile estimate AD
</subfield>
  </datafield>
  <datafield tag="521" ind1="8" ind2=" ">
    <subfield code="a">D
</subfield>
    <subfield code="b">Raz-Plus
</subfield>
  </datafield>
  <datafield tag="650" ind1=" " ind2=" ">
    <subfield code="a">&#x1798;&#x17C9;&#x17BB;&#x1793;&#x178F;&#x17C1;&#x179F;&#x17BC;&#x179A;&#x17B8; </subfield>
    <subfield code="v">&#x179B;&#x17D2;&#x1794;&#x17C2;&#x1784;&#x1780;&#x17C6;&#x179F;&#x17B6;&#x1793;&#x17D2;&#x178F;</subfield>
    <subfield code="x">&#x179A;&#x17C0;&#x1793;</subfield>
  </datafield>
  <datafield tag="650" ind1=" " ind2=" ">
    <subfield code="a">Montessori</subfield>
    <subfield code="v">Game </subfield>
    <subfield code="x">Learning</subfield>
  </datafield>
  <datafield tag="700" ind1=" " ind2=" ">
    <subfield code="a">Sodany, Ouch </subfield>
    <subfield code="e">Author</subfield>
  </datafield>
  <datafield tag="700" ind1=" " ind2=" ">
    <subfield code="a">Visoth, Seng</subfield>
    <subfield code="e">illustrator</subfield>
  </datafield>
  <datafield tag="942" ind1=" " ind2=" ">
    <subfield code="2">ddc</subfield>
    <subfield code="c">KHB</subfield>
    <subfield code="n">0</subfield>
  </datafield>
  <datafield tag="999" ind1=" " ind2=" ">
    <subfield code="c">1702</subfield>
    <subfield code="d">1702</subfield>
  </datafield>
  <datafield tag="952" ind1=" " ind2=" ">
    <subfield code="0">0</subfield>
    <subfield code="1">0</subfield>
    <subfield code="2">ddc</subfield>
    <subfield code="4">0</subfield>
    <subfield code="7">0</subfield>
    <subfield code="8">KH</subfield>
    <subfield code="a">001</subfield>
    <subfield code="b">001</subfield>
    <subfield code="c">KHRS</subfield>
    <subfield code="d">2023-09-18</subfield>
    <subfield code="l">0</subfield>
    <subfield code="o">VAN 649.124</subfield>
    <subfield code="p">2023-0633</subfield>
    <subfield code="r">2023-09-18 13:27:20</subfield>
    <subfield code="t">1</subfield>
    <subfield code="w">2023-09-18</subfield>
    <subfield code="y">KHB</subfield>
  </datafield>
  <datafield tag="952" ind1=" " ind2=" ">
    <subfield code="0">0</subfield>
    <subfield code="1">0</subfield>
    <subfield code="2">ddc</subfield>
    <subfield code="4">0</subfield>
    <subfield code="7">0</subfield>
    <subfield code="8">KH</subfield>
    <subfield code="a">001</subfield>
    <subfield code="b">001</subfield>
    <subfield code="c">KHRS</subfield>
    <subfield code="d">2023-09-18</subfield>
    <subfield code="l">0</subfield>
    <subfield code="o">VAN 649.124</subfield>
    <subfield code="p">2023-0634</subfield>
    <subfield code="r">2023-09-18 13:27:28</subfield>
    <subfield code="t">2</subfield>
    <subfield code="w">2023-09-18</subfield>
    <subfield code="y">KHB</subfield>
  </datafield>
</record>
